00333nam a2200145Ia 4500008004100000041000800041082001500049100002200064245003000086260003100116300000900147365000700156500000600163650001800169231222s2022 xx 000 0 und d aeng a615.19/SHD aDr.Shalini Sharam aElements of Pharmaceutics bS. Vikas and Companyc2022 a314p cRS aR aPharmaceutics